000 02207nam a2200265 a 4500
999 _c808
_d808
003 AR-BaISA
005 20220329130443.0
007 ta
008 220329s2018 ag ad||f |||| 000 0 spa d
020 _a9789502326931
040 _bspa
_cAR-BaISA
082 0 4 _222
_a612.76 Ar55
245 0 0 _aBiomecánica y modelización en mecanobiología:
_bactualización teórica y experimental /
_cRicardo L. Armentano y Edmundo I. Cabrera Fischer (comps.)
260 _aBuenos Aires :
_bEudeba,
_c2018
300 _a470 p.:
_bil., gráfs., tablas
490 _aBiblioteca ingeniería
504 _aBibliografía al final de cada capítulo.
505 _tAlain Simon, Ricardo Armentano / Prólogo --
_tPablo Miguel Jacovkis / Introducción --
_tEdmundo Cabrera Fischer, Daniel Bia / Hemodinámica --
_tEdmundo Cabrera Fischer, Daniel Bia / Función cardiovascular --
_tCarlos Negreira / Ondas elásticas en medios sólidos --
_tLeandro Cymberknop, Ricardo Armentano, Walter Legnani / Dinámica no lineal cardiovascular --
_tRicardo Armentano / Propagación del pulso en arterias --
_tSandra Rugonyi / Mecánica de fluidos y transporte de masa --
_tEdmundo Cabrera Fischer, Daniel Bia, Ricardo Armentano / Flujos aórticos inversos --
_tJorge Trainini, Noemí Lago / Ingeniería biológica cardíaca: beneficios de la matriz celular asociada a terapia con células madre en cardiomiopatía isquémica --
_tMarta Rosen, Franco Martín Pessana / Modelos de flujo arterial --
_tDamián Craiem / Modelos de viscoelasticidad en derivadas fraccionales --
_tRicardo Armentano / Modelización de la pared arterial --
_tDaniel Bia, Yanina Zócalo / Modelización en el dominio del tiempo y la frecuencia de la conducta mecánica venosa --
_tJosé Miguel Atienza, Francisco Javier Rojo, Manuel Elices, Gustavo Víctor Guinea / Caracterización mecánica de los vasos sanguíneos --
_tFelipe Gabaldon Castillo, Blanco Ibáñez, José Goicolea Ruigómez / Modelos numéricos de fluido y pared vascular
650 1 0 _979
_aBiomecánica
650 1 0 _91903
_aModelos cardiovasculares
650 1 0 _931
_aFisiología humana
700 1 _91901
_aArmentano, Ricardo
700 1 _91902
_aCabrera Fischer, Edmundo
942 _2ddc
_cLI
_e22